Normal view
MARC view
Entry Topical Term
001 - CONTROL NUMBER
- control field: 56341
003 - CONTROL NUMBER IDENTIFIER
- control field:
005 - DATE AND TIME OF LATEST TRANSACTION
- control field: 20240710154639.0
008 - FIXED-LENGTH DATA ELEMENTS
- fixed length control field: 240710|| aca||aabn | a|a d
040 ## - CATALOGING SOURCE
- Original cataloging agency:
- Transcribing agency:
150 ## - HEADING--TOPICAL TERM
- Topical term or geographic name entry element: Ivan IV, Czar of Russia, 1530-1584
670 ## - SOURCE DATA FOUND
- Source citation: Work cat.: ()19552: GREY, Ian 1918 aut 39554, Ivan, the terrible /, 1964
